[Event "GER-chT U18 Girls"]
[Site "Germany"]
[Date "2012.05.04"]
[Round "2.4"]
[White "Fuks, Polina"]
[Black "Doering, Saskia"]
[Result "1-0"]
[WhiteElo "1231"]
[BlackElo "800"]
[PlyCount "57"]
[EventDate "2012.05.04"]
[EventType "team-swiss"]
[EventRounds "7"]
[EventCountry "GER"]
[SourceTitle "EXT 2014"]
[Source "ChessBase"]
[SourceDate "2013.11.20"]
[SourceVersion "1"]
[SourceVersionDate "2013.11.20"]
[SourceQuality "1"]
[WhiteTeam "Aschaffenburg FDG (W)"]
[BlackTeam "Magdeburg WvSG (W)"]
[WhiteTeamCountry "GER"]
[BlackTeamCountry "GER"]

1. e4 e5 2. Nf3 Nc6 3. Bb5 Nf6 4. 0-0 Nxe4 5. Re1 d5 6. Nxe5 Qd6 7. Nf3 Qc5 8. Bxc6+ Qxc6 9. d3 Bc5 10. dxe4 dxe4 11. Nc3 Bf5 12. Nd4 Bxd4 13. Qxd4 0-0 14. Bf4 Rfd8 15. Qe3 Re8 16. Rad1 h6 17. Rd2 Qc4 18. Qg3 Rac8 19. Bxh6 Bg6 20. Bf4 Re6 21. Rd7 Bh7 22. Rxc7 Rxc7 23. Bxc7 Qb4 24. Ba5 Qf8 25. Rd1 Rg6 26. Qc7 b6 27. Rd8 f6 28. Qc4+ Kh8 29. Rxf8+ 1-0